| 000 | 01637nam a22003017a 4500 | ||
|---|---|---|---|
| 999 |
_c22608 _d22608 |
||
| 003 | AR-CdUCM | ||
| 008 | 190409b ||||| |||| 00| 0 spa d | ||
| 020 | _a9786124453175 | ||
| 040 |
_aMUNICIPALIDAD PROVINCIAL DEL CUSCO _cBIBLIOTECA MUNICIPAL DEL CUSCO |
||
| 082 |
_a323.6/C548 _bC548 _2Segunda edición aumentada |
||
| 100 |
_aChiaramonti, Gabriella _948641 |
||
| 245 |
_aCiudadanía y representación en el Perú (1808-1860) : _blos itinerarios de la soberanía / _cGabriella Chiaramonti |
||
| 260 |
_aLima : _bJurado Nacional de Elecciones, _bUniversidad Nacional Mayor de San Marcos, _c2021. |
||
| 300 |
_a562 páginas. : _bmapas ; _c21 cm. |
||
| 500 |
_aTraducción de: Suffragio e rappresentanza nel Perú dell'800 : parte prima. Gli itinerari della sovranita (1808-1860) _zBibliografía: páginas 471-562. |
||
| 505 | _aRelata en detalle el origen y desarrollo de la experiencia electoral en el Perú en el contexto del debate entre liberales y conservadores, en el periodo comprendido entre el tardío período virreinal y la década de 1860, con conclusiones que alcanzan hasta la reconstrucción nacional de 1896. | ||
| 650 |
_aCiudadanía _924476 |
||
| 650 |
_aParticipación política _97489 |
||
| 650 |
_aElecciones _91677 |
||
| 650 |
_aGobierno representativo _948642 |
||
| 650 |
_aHistoria _948643 |
||
| 650 |
_aSiglo XIX _948644 |
||
| 650 |
_aPerú _948645 |
||
| 710 |
_aJurado Nacional de Elecciones _bDirección Nacional de Educación y Formación Cívica Ciudadana _tentidad editora _948628 |
||
| 710 |
_aUniversidad Nacional Mayor de San Marcos _tentidad editora _948646 |
||
| 942 |
_2ddc _cLIBROS |
||
| 945 | _arac | ||